Die 31 beliebtesten Sportarten - Statistiken

Allgemein
  • Dieses Quiz wurde 824 mal gespielt
  • Das Durchschnittsergebnis liegt bei 13 aus 31
Antwortstatistiken
Code Sportarten % Korrekt
F7 Fußball
100%
B10 Basketball
93%
T6 Tennis
85%
H8 Handball
84%
A8 F8 American Football
77%
V10 Volleyball
76%
B8 Baseball
72%
E9 Eishockey
71%
C7 Cricket
68%
T11 Tischtennis
68%
G4 Golf
65%
H6 Hockey
65%
S12 Springreiten
63%
R5 Rugby
52%
B9 Badminton
48%
P4 Polo
35%
W10 Wasserball
35%
C7 Curling
24%
B7 Bowling
20%
S14 Stabhochsprung
19%
B15 Beachvolleyball
18%
E12 Eiskunstlauf
18%
K6 Kegeln
14%
(P4) - B7 (Pool) - Billard
14%
S11 Speerwerfen
11%
K11 Kugelstoßen
10%
D12 Diskuswerfen
9%
S6 Squash
9%
H10 Hammerwurf
6%
S8 Softball
5%
R10 Rollhockey
1%
Keine übereinstimmenden Quizze gefunden
Verteilung der Resultate
Anzahl Personen mit jedem Resultat
Perzentil nach korrekt beantworteten Fragen
Ihre Resultats-Entwicklung
Sie haben dieses Quiz noch nicht gespielt